000 00307nam a22001337a 4500
008 170615b xxu||||| |||| 00| 0 eng d
020 _a9780195106312
041 _aeng
080 _24 ED
_a32
100 _a19
101 _aSHP
245 _aU.S DIPLOMACY SINCE 1900
_cSCHULZINGER.R.D
942 _2udc
_cBK
999 _c17582
_d17582